| 000 | 00579nam a2200205Ia 4500 | ||
|---|---|---|---|
| 003 | OSt | ||
| 005 | 20230509163431.0 | ||
| 008 | 210423s2011 xx 000 0 und d | ||
| 020 | _a9780879698980 | ||
| 040 | _cAL | ||
| 041 | _aeng | ||
| 082 |
_a581.88 ESTM _223 |
||
| 100 |
_aESTELLE (Mark);others,Ed. _9101674 |
||
| 245 | _aAuxin signaling: from synthesis to systems biology. | ||
| 260 |
_aNew York _bCold Spring Harbour Press _c2011 |
||
| 300 |
_aviii,253 _bPB |
||
| 365 |
_b6318 _cINR |
||
| 906 | _aAuxin ; biology. ; signaling: ; synthesis ; systems | ||
| 942 |
_2ddc _cBK |
||
| 999 |
_c164573 _d164573 |
||